Les santons de Provence - Statistiques

Statistiques générales
  • Ce quiz a été pris 31 fois
  • Le résultat moyen est 10 sur 20
Statistiques - réponses
Par images Réponse % Correct
La sainte Vierge Marie
96%
Balthazar
89%
Melchior
85%
Saint Joseph
85%
Gaspard
70%
Jésus Christ
70%
Sainte Jeanne d'Arc
59%
Fernandel
52%
Louis de Funès
44%
Jean Gabin
37%
Bourvil
33%
Marcel Pagnol
33%
Saint François d'Assise
33%
Frédéric Mistral
30%
Raimu
30%
Sainte Marie Madeleine
30%
Saint Jacques de Compostelle
30%
Saint Louis
30%
Louis XIII
26%
Folco de Baroncelli
11%
Aucun quiz correspondant
Distribution des résultats
% des personnes avec chaque résultat
Percentile par nombre de réponses
Votre historique - résultats
Vous n’avez pas pris ce quiz